Effect of peroneus longus harvesting on the ankle and foot / (Record no. 179042)

MARC details
000 -LEADER
fixed length control field 05895namaa22004451i 4500
003 - CONTROL NUMBER IDENTIFIER
control field EG-GICUC
005 - أخر تعامل مع التسجيلة
control field 20260409125418.0
008 - FIXED-LENGTH DATA ELEMENTS--GENERAL INFORMATION
fixed length control field 260315s2025 ua a|||frm||| 000 0 eng d
040 ## - CATALOGING SOURCE
Original cataloguing agency EG-GICUC
Language of cataloging eng
Transcribing agency EG-GICUC
Modifying agency EG-GICUC
Description conventions rda
041 0# - LANGUAGE CODE
Language code of text/sound track or separate title eng
Language code of summary or abstract eng
-- ara
049 ## - Acquisition Source
Acquisition Source Deposit
082 04 - DEWEY DECIMAL CLASSIFICATION NUMBER
Classification number 617.47
092 ## - LOCALLY ASSIGNED DEWEY CALL NUMBER (OCLC)
Classification number 617.47
Edition number 21
097 ## - Degree
Degree Ph.D
099 ## - LOCAL FREE-TEXT CALL NUMBER (OCLC)
Local Call Number Cai01.11.25.Ph.D.2025.Ab.E
100 0# - MAIN ENTRY--PERSONAL NAME
Authority record control number or standard number Abd Elrahman Abdallah Mohammed,
Preparation preparation.
245 10 - TITLE STATEMENT
Title Effect of peroneus longus harvesting on the ankle and foot /
Statement of responsibility, etc. by Abd Elrahman Abdallah Mohammed ; Supervised Prof.Dr. Hesham Mesbah Soliman, Prof. Dr. Ahmed Samir elkalyoby, Dr. Hosam Mofreh Hamed.
246 15 - VARYING FORM OF TITLE
Title proper/short title تأثير استئصال العضلة الشظوية الطويلة على الكاحل والقدم
264 #0 - PRODUCTION, PUBLICATION, DISTRIBUTION, MANUFACTURE, AND COPYRIGHT NOTICE
Date of production, publication, distribution, manufacture, or copyright notice 2025.
300 ## - PHYSICAL DESCRIPTION
Extent 89 pages :
Other physical details illustrations ;
Dimensions 25 cm. +
Accompanying material CD.
336 ## - CONTENT TYPE
Content type term text
Source rda content
337 ## - MEDIA TYPE
Media type term Unmediated
Source rdamedia
338 ## - CARRIER TYPE
Carrier type term volume
Source rdacarrier
502 ## - DISSERTATION NOTE
Dissertation note Thesis (Ph.D)-Cairo University, 2025.
504 ## - BIBLIOGRAPHY, ETC. NOTE
Bibliography, etc. note Bibliography: pages 77-89.
520 #3 - SUMMARY, ETC.
Summary, etc. Background: The peroneus longus was a long muscle located superficially in the lateral compartment of the leg, along with the peroneus brevis muscle. The peroneus longus originated from the proximal aspect of the fibula and inserted into the medial cuneiform and the base of the first metatarsal bone. Its primary functions were to provide first ray plantarflexion and foot eversion.<br/> Aim and objectives: to evaluate the extent of donor site morbidity and assess ankle strength following the harvest of the ipsilateral peroneus longus tendon for ACL reconstruction in patients with primary ACL injuries.<br/> Subjects and methods: This descriptive study was conducted on 58 patients diagnosed with ACL injuries at El Qasr Al Ainy Hospital and Al Haram Specialized Hospital. <br/>Result: there was highly statistically significant difference at different times as regarded FADI score, AOFAS score, and CPEI score.<br/> Conclusion: The use of the peroneus longus tendon (PLT) as an autograft for ACL reconstruction demonstrates favorable clinical outcomes with minimal donor site morbidity. Functional scores such as FADI, AOFAS, and CPEI in our study showed significant improvement by the 6-month postoperative mark, indicating effective recovery of both knee and donor ankle functions.
520 #3 - SUMMARY, ETC.
Summary, etc. العضلة الشظوية الطويلة ، والمعروفة أيضًا باسم العضلة الليفية الطويلة ، هي عضلة طويلة تقع بشكل سطحي في الحجرة الجانبية للساق، إلى جانب العضلة الشظوية القصيرة. تنشأ العضلة الشظوية الطويلة من الجزء القريب من عظم الشظية (الفيبولا)، وتُدرج في العظم الوتدي الإنسي وقاعدة المشط الأول.<br/>تتمثل وظائفها الأساسية في إنزال الشعاع الأول وبسط القدم للخارج.<br/>في السنوات الأخيرة، استخدم جراحو العظام وتر العضلة الشظوية الطويلة كرقعة ذاتية في إعادة بناء الرباط الصليبي الأمامي ، بالإضافة إلى الأوتار المأخوذة من أوتار العضلات المأبضيةأو وتر الرضفة مع العظم. كما تم استخدام هذا الوتر في ترميم الرباط الدالي ورباط الرضفة الإنسي نظرًا لتأثيره التآزري مع العضلة الشظوية القصيرة، مما يوفر فائدة وظيفية محتملة عند إجراء تثبيت لكليهما.<br/>من أبرز مزايا هذا الوتر قدرته على التجدد، كما أظهرت عدة دراسات باستخدام التصوير بالرنين المغناطيسي والتي بينت تجدد الوتر خلال عام واحد من استخراجه.<br/>علاوة على ذلك، أُشير إلى أن وتر العضلة الشظوية الطويلة قد يكون متفوقًا على وتر العضلة المأبضية في عمليات إعادة بناء الرباط الصليبي الأمامي ذات الحزمة الواحدة ، بسبب قطره الأكبر وانخفاض معدل الضمور في موقع المتبرع.<br/>ومع ذلك، لا تزال هناك بعض المخاوف بخصوص العجز الوظيفي المحتمل بعد أخذ وتر الشظوية الطويلة، لا سيما ما يتعلق بقوة بسط القدم للخارج وقدرة إنزال الشعاع الأول. ورغم أن العديد من الدراسات السريرية أفادت بحدوث انخفاض ضئيل في الوظيفة في موقع التبرع على المدى القصير، إلا أن التأثير طويل الأمد لاستخدام وتر العضلة الشظوية الطويلة على ميكانيكا القدم والكاحل لا يزال غير واضح، مما يبرز الحاجة إلى المزيد من الأبحاث لتقييم النتائج الهيكلية والوظيفية لاستخدام هذا الوتر كطعوم ذاتية.
530 ## - ADDITIONAL PHYSICAL FORM AVAILABLE NOTE
Issues CD Issues also as CD.
546 ## - LANGUAGE NOTE
Text Language Text in English and abstract in Arabic & English.
650 #0 - SUBJECT ADDED ENTRY--TOPICAL TERM
Topical term or geographic name entry element Orthopaedic surgery
650 #0 - SUBJECT ADDED ENTRY--TOPICAL TERM
Topical term or geographic name entry element جراحة العظام
653 #1 - INDEX TERM--UNCONTROLLED
Uncontrolled term peroneus longus harvesting
-- ankle and foo
700 0# - ADDED ENTRY--PERSONAL NAME
Personal name Hesham Mesbah Soliman
Relator term thesis advisor.
700 0# - ADDED ENTRY--PERSONAL NAME
Personal name Ahmed Samir elkalyoby
Relator term thesis advisor.
700 0# - ADDED ENTRY--PERSONAL NAME
Personal name Hosam Mofreh Hamed
Relator term thesis advisor.
900 ## - Thesis Information
Grant date 01-01-2025
Supervisory body Hesham Mesbah Soliman
-- Ahmed Samir elkalyoby
-- Hosam Mofreh Hamed
Universities Cairo University
Faculties Faculty of Medicine
Department Department of Orthopaedic Surgery
905 ## - Cataloger and Reviser Names
Cataloger Name Shimaa
Reviser Names Eman Ghareb
942 ## - ADDED ENTRY ELEMENTS (KOHA)
Source of classification or shelving scheme Dewey Decimal Classification
Koha item type Thesis
Edition 21
Suppress in OPAC No
Holdings
Source of classification or shelving scheme Home library Current library Date acquired Inventory number Full call number Barcode Date last seen Effective from Koha item type
Dewey Decimal Classification المكتبة المركزبة الجديدة - جامعة القاهرة قاعة الرسائل الجامعية - الدور الاول 15.03.2026 93580 Cai01.11.25.Ph.D.2025.Ab.E 01010110093580000 15.03.2026 15.03.2026 Thesis
Cairo University Libraries Portal Implemented & Customized by: Eng. M. Mohamady Contacts: new-lib@cl.cu.edu.eg | cnul@cl.cu.edu.eg
CUCL logo CNUL logo
© All rights reserved — Cairo University Libraries
CUCL logo
Implemented & Customized by: Eng. M. Mohamady Contact: new-lib@cl.cu.edu.eg © All rights reserved — New Central Library
CNUL logo
Implemented & Customized by: Eng. M. Mohamady Contact: cnul@cl.cu.edu.eg © All rights reserved — Cairo National University Library